[Event "388 Stay Safe Play From Home series"]
[Site "Emanuel Lasker Arena"]
[Date "2020.08.17"]
[Round "1"]
[White "AChessPlayer"]
[Black "Padmaesh M K"]
[Result "1-0"]
[WhiteElo "2468"]
[BlackElo "1886"]
[Annotator "TA"]
[PlyCount "79"]
[EventDate "2020.08.17"]
[EventType "swiss (blitz)"]

{[%evp 15,78,-33,-29,-47,0,-11,0,0,0,0,18,18,58,61,69,0,272,223,214,161,414,418,599,595,527,593,816,777,846,854,804,667,893,876,1093,1015,1265,1262,1483,1458,1765,1741,2437,2442,29987,29988,29992,29991,29989,29989,29993,29994,29994,4567,2123,2481,5308,29966,29993,29994,29997,29998,29998,29999,29999]} 1. Nf3 d5 2. g3 Nf6 3. Bg2 c5 4. O-O Nc6 5. d3 e5 6. Nbd2 Be7 7. e4 O-O 8. Re1 d4 9. Nh4 {A08: King's Indian Attack.} Be6 10. Nf5 Qd7 11. Nxe7+ {The position is equal.} Nxe7 {[#]} 12. a4 $146 ({Predecessor:} 12. Nf3 Ng6 13. Ng5 Rac8 14. Nxe6 fxe6 15. a4 c4 16. Bd2 Qc7 17. Bh3 Qd6 18. Rf1 cxd3 19. cxd3 {0-1 (40) Luthardt,A (1528)-Wagner,N (2005) Schney 2019}) 12... Ng6 13. b3 h5 14. Nc4 $1 Rfe8 15. Bg5 ({White should try} 15. f4 $14) 15... a6 $2 {[%mdl 8192] White stays focused until the end.} (15... Nh7 $11 {and Black has nothing to worry.} 16. Bd2 (16. Qxh5 $2 Bg4 $19) 16... Nf6) 16. Bxf6 gxf6 17. Qxh5 {Nb6 is the strong threat.} b5 $2 (17... Qe7 {might work better.} 18. h4 Kg7) 18. Nb6 $18 {[%mdl 64] [#] Double Attack} Qc7 (18... Qb7 $142 19. Nxa8 Rxa8) 19. Nxa8 Rxa8 20. axb5 {[%cal Ba4b5,Bb5a6,Ba6a7][%mdl 32]} Rf8 21. bxa6 Kg7 22. a7 Ra8 23. Bh3 Qd7 24. Bxe6 Qxe6 25. Ra5 Qb6 26. Rea1 Qb4 27. Qg4 Qc3 28. h4 Qxc2 29. h5 {[%mdl 64] Pin} Qxd3 30. hxg6 fxg6 31. Qd7+ Kh6 32. Ra6 Kg5 33. Qh3 {[%csl Gg3][%cal Rh3h4]} Qxe4 {[#]} 34. Qh4+ (34. f4+ $142 $1 Qxf4 {[%mdl 64] Back Rank} (34... exf4 35. Qh4+) 35. gxf4+ Kxf4 36. Qh4+ {[%mdl 64] Double Attack} Kf3 37. Re1 Rf8 38. a8=Q+ {[%mdl 64] Overworked Piece} Rxa8 39. Rxf6#) 34... Qxh4 35. gxh4+ Kxh4 36. Rxf6 d3 {White mates.} 37. Rxg6 e4 38. Kg2 {[%cal Ra1h1]} Kh5 39. Rg3 {[%cal Ra1h1]} d2 40. Rh1# {Accuracy: White = 76%, Black = 29%.} 1-0

[Event "388 Stay Safe Play From Home series"]
[Site "Emanuel Lasker Arena"]
[Date "2020.08.17"]
[Round "1"]
[White "Mepe_Nika"]
[Black "Fat Kevin"]
[Result "1-0"]
[WhiteElo "2361"]
[BlackElo "1920"]
[Annotator "TA"]
[PlyCount "97"]
[EventDate "2020.08.17"]
[EventType "swiss (blitz)"]

{[%evp 17,97,30,46,0,35,45,47,4,9,3,63,53,74,60,74,47,45,48,64,24,33,12,41,13,12,0,0,-8,12,-21,0,-14,14,-18,16,8,22,13,423,383,393,0,0,0,0,0,0,0,0,-40,0,0,0,0,0,-309,-292,-247,-211,-244,-245,-267,-191,-447,-439,-499,-494,-489,-495,-483,-488,-466,-418,-617,-613,-714,-707,-735,-714,-656,-345,-302]} 1. d4 c6 2. e4 d5 3. exd5 cxd5 4. Bd3 Nf6 5. c3 g6 6. Bf4 Bg7 7. Nd2 Nc6 8. Ngf3 O-O 9. O-O Bg4 {9...Bf5 is setting a new trend.} 10. Qb3 {B13: Caro-Kann: Exchange Variation and Panov-Botvinnik Attack.} Na5 {[#]} 11. Qa4 $146 ({Predecessor:} 11. Qc2 Rc8 12. Ne5 Bd7 13. Rfe1 Nc6 14. Ndf3 Nb4 15. Qd2 Nxd3 16. Qxd3 a6 17. Nxd7 Nxd7 {0-1 (79) Vicic,M (1563)-Orel Music,S (1923) Nova Gorica 2019}) 11... Nh5 12. Bg5 {White is slightly better.} Bd7 13. Qd1 Nf6 (13... f6 $11 14. Bh4 Qc7) 14. Re1 Nc6 15. Ne5 Re8 16. Nxd7 Qxd7 17. Nf3 e6 18. Ne5 Qc7 19. Bf4 Qd8 20. Nxc6 bxc6 21. b4 a5 22. a3 $36 {[%mdl 2048] White fights for an advantage.} Qe7 23. Bg3 Nd7 24. Qe2 Nb6 25. h4 Na4 26. Qd2 h5 27. Bf4 Qxh4 $2 {[%mdl 8192]} (27... Nb6 $11) 28. Bg5 $1 $18 {[%cal Rg5h4]} Qg4 29. f3 $2 (29. Be2 $1 $18 {[%cal Re2g4]} Qf5 30. g4 $1 {[%mdl 512]} hxg4 31. Bd3) 29... Qg3 $11 30. Bf4 Qh4 {Hoping for ...Nxc3!} 31. Bg5 $1 {[%cal Rg5h4]} Qg3 32. Bf4 Qh4 {Strongly threatening ...Nxc3!} 33. Bc2 (33. Bg5 $5 {[%cal Rg5h4]} Qg3 $11) 33... Nb6 (33... Nxc3 $5 34. g3 Qf6 $17) 34. Bg5 $1 {[%cal Rg5h4]} Qg3 {...axb4 is the strong threat.} 35. Bf4 $1 {[%cal Rf4g3]} Qh4 {Threatens to win with ...Nc4.} 36. bxa5 $2 {[%mdl 8192] [#]} (36. Bg5 $1 $11 {and White stays safe.} Nc4 37. Qc1) 36... Nc4 $1 $19 {[%cal Rc4d2]} ({Stronger than} 36... Rxa5 37. Bg5 $11) 37. Qc1 {intending Bg5.} Qe7 ({Not} 37... Rxa5 38. Bg5 $11) 38. Bd3 Nxa5 {And now ...Nb3 would win.} ({Don't take} 38... Rxa5 39. Ra2) 39. Bg5 Qd7 {White must now prevent ...Nb3.} 40. Bh6 $2 (40. Rb1 {was called for.}) 40... Nb3 $1 {[%csl LRa1,LRc1][%mdl 64] Double Attack} 41. Qg5 Nxa1 42. Bxg7 Kxg7 43. Rxa1 Qe7 44. Qe5+ f6 45. Qe2 (45. Qg3 $142 g5 46. a4) 45... Rxa3 46. Re1 Rxc3 47. Bb1 Ra3 48. Qc2 Ra7 49. Qxg6+ {[%mdl 32768] Never resign too early! Accuracy: White = 52%, Black = 64%. . Loss on time!?} 1-0

[Event "388 Stay Safe Play From Home series"]
[Site "Emanuel Lasker Arena"]
[Date "2020.08.17"]
[Round "1"]
[White "Stefanone"]
[Black "Trotsky"]
[Result "1-0"]
[WhiteElo "1997"]
[BlackElo "1606"]
[PlyCount "55"]
[EventDate "2020.08.17"]
[EventType "swiss (blitz)"]

1. d4 {[%emt 0:00:01]} d5 {[%emt 0:00:01]} 2. e3 {[%emt 0:00:00]} e6 {[%emt 0:00:01]} 3. Nf3 {[%emt 0:00:00]} c5 {[%emt 0:00:01]} 4. b3 {[%emt 0:00:00]} Nc6 {[%emt 0:00:01]} 5. Bb2 {[%emt 0:00:00]} Nf6 {[%emt 0:00:01]} 6. Ne5 {[%emt 0:00:01]} Bd6 {[%emt 0:00:01]} 7. f4 {[%emt 0:00:01]} Qc7 {[%emt 0:00:01]} 8. Bd3 {[%emt 0:00:01]} h5 {[%emt 0:00:02]} 9. O-O {[%emt 0:00:01]} Bd7 {[%emt 0:00:01]} 10. Qf3 {[%emt 0:00:01]} Nxe5 {[%emt 0:00:01]} 11. fxe5 {[%emt 0:00:01]} O-O-O {[%emt 0:00:07]} 12. exd6 {[%emt 0:00:01]} Qxd6 {[%emt 0:00:01]} 13. g3 {[%emt 0:00:01]} Ng4 {[%emt 0:00:01]} 14. Nd2 {[%emt 0:00:02]} h4 {[%emt 0:00:01]} 15. Qf4 {[%emt 0:00:01]} e5 {[%emt 0:00:01]} 16. dxe5 {[%emt 0:00:01]} Qb6 {[%emt 0:00:06]} 17. Nf3 {[%emt 0:00:02]} hxg3 {[%emt 0:00:07]} 18. hxg3 {[%emt 0:00:00]} Rh3 {[%emt 0:00:02]} 19. Rf2 {[%emt 0:00:03]} Rdh8 {[%emt 0:00:01]} 20. Kf1 {[%emt 0:00:04]} Rh1+ {[%emt 0:00:03]} 21. Ng1 {[%emt 0:00:01]} Nxf2 {[%emt 0:00:03]} 22. Kxf2 {[%emt 0:00:01]} R8h2+ {[%emt 0:00:01]} 23. Kf1 {[%emt 0:00:01]} d4 {[%emt 0:00:02]} 24. Be4 {[%emt 0:00:06]} Bc6 {[%emt 0:00:01]} 25. exd4 {[%emt 0:00:04]} Bxe4 {[%emt 0:00:03]} 26. Qxe4 {[%emt 0:00:03]} cxd4 {[%emt 0:00:05]} 27. Qxd4 {[%emt 0:00:02]} Qb5+ {[%emt 0:00:01]} 28. Qc4+ {[%emt 0:00:01] Âðåìÿ Âðåìÿ Âðåìÿ (Lag: Av=0.24s, max=0.4s) (Lag: Av=0.24s, max=0.4s) (Lag: Av=0.24s, max=0.4s)} 1-0

[Event "388 Stay Safe Play From Home series"]
[Site "Emanuel Lasker Arena"]
[Date "2020.08.17"]
[Round "1"]
[White "Greblha"]
[Black "Lazieri3"]
[Result "0-1"]
[WhiteElo "1963"]
[BlackElo "2126"]
[PlyCount "88"]
[EventDate "2020.08.17"]
[EventType "swiss (blitz)"]

1. e4 {[%emt 0:00:01]} c6 {[%emt 0:00:03]} 2. d4 {[%emt 0:00:00]} d5 {[%emt 0:00:00]} 3. exd5 {[%emt 0:00:00]} cxd5 {[%emt 0:00:01]} 4. Bd3 {[%emt 0:00:00]} Nc6 {[%emt 0:00:00]} 5. c3 {[%emt 0:00:00]} Nf6 {[%emt 0:00:00]} 6. Ne2 {[%emt 0:00:00]} Bg4 {[%emt 0:00:00]} 7. O-O {[%emt 0:00:00]} e6 {[%emt 0:00:01]} 8. Qe1 {[%emt 0:00:01]} Bd6 {[%emt 0:00:01]} 9. f3 {[%emt 0:00:01]} Bh5 {[%emt 0:00:01]} 10. Qh4 {[%emt 0:00:01]} Bg6 {[%emt 0:00:00]} 11. Bxg6 {[%emt 0:00:02]} fxg6 {[%emt 0:00:01]} 12. Nf4 {[%emt 0:00:01]} Qd7 {[%emt 0:00:02]} 13. Nxg6 {[%emt 0:00:01]} Rg8 {[%emt 0:00:02]} 14. Bg5 {[%emt 0:00:02]} Kf7 {[%emt 0:00:03]} 15. Ne5+ {[%emt 0:00:08]} Nxe5 {[%emt 0:00:02]} 16. dxe5 {[%emt 0:00:03]} Bxe5 {[%emt 0:00:00]} 17. f4 {[%emt 0:00:02]} Bd6 {[%emt 0:00:04]} 18. Bxf6 {[%emt 0:00:01]} gxf6 {[%emt 0:00:01]} 19. Qxh7+ {[%emt 0:00:01]} Rg7 {[%emt 0:00:00]} 20. Qh5+ {[%emt 0:00:01]} Ke7 {[%emt 0:00:01]} 21. Nd2 {[%emt 0:00:03]} Rag8 {[%emt 0:00:01]} 22. g3 {[%emt 0:00:01]} Bc5+ {[%emt 0:00:03]} 23. Kh1 {[%emt 0:00:01]} d4 {[%emt 0:00:01]} 24. Qxc5+ {[%emt 0:00:07]} Kf7 {[%emt 0:00:01]} 25. Qxd4 {[%emt 0:00:01]} Qc6+ {[%emt 0:00:01]} 26. Qe4 {[%emt 0:00:02]} Qb6 {[%emt 0:00:01]} 27. Nc4 {[%emt 0:00:02]} Qc5 {[%emt 0:00:03]} 28. Rad1 {[%emt 0:00:04]} Ke7 {[%emt 0:00:06]} 29. Qxb7+ {[%emt 0:00:02]} Ke8 {[%emt 0:00:03]} 30. Qa8+ {[%emt 0:00:02]} Kf7 {[%emt 0:00:01]} 31. Rd7+ {[%emt 0:00:02]} Kg6 {[%emt 0:00:01]} 32. Rxg7+ {[%emt 0:00:01]} Rxg7 {[%emt 0:00:01]} 33. Qe4+ {[%emt 0:00:01]} Kf7 {[%emt 0:00:02]} 34. Ne3 {[%emt 0:00:00]} a5 {[%emt 0:00:02]} 35. Rd1 {[%emt 0:00:01]} Qc7 {[%emt 0:00:02]} 36. Qd4 {[%emt 0:00:01]} Kg8 {[%emt 0:00:01]} 37. Qd8+ {[%emt 0:00:01]} Kh7 {[%emt 0:00:01]} 38. Qd7 {[%emt 0:00:01]} Qxd7 {[%emt 0:00:01]} 39. Rxd7 {[%emt 0:00:01]} Rxd7 {[%emt 0:00:00]} 40. Kg2 {[%emt 0:00:00]} Rd2+ {[%emt 0:00:00]} 41. Kf3 {[%emt 0:00:00]} Rxb2 {[%emt 0:00:00]} 42. Ng4 {[%emt 0:00:00]} Rxa2 {[%emt 0:00:00]} 43. Nxf6+ {[%emt 0:00:00]} Kg6 {[%emt 0:00:01]} 44. Ne4 {[%emt 0:00:00]} Rf2+ {[%emt 0:00:00] Zeit Zeit Zeit (Lag: Av=0.59s, max=1.1s) (Lag: Av=0.59s, max=1.1s) (Lag: Av=0.59s, max=1.1s)} 0-1

[Event "388 Stay Safe Play From Home series"]
[Site "Emanuel Lasker Arena"]
[Date "2020.08.17"]
[Round "1"]
[White "ROOPAL79"]
[Black "Hickey"]
[Result "0-1"]
[WhiteElo "1506"]
[BlackElo "2259"]
[Annotator "NA"]
[PlyCount "52"]
[EventDate "2020.08.17"]
[EventType "swiss (blitz)"]

1. d4 {[%emt 0:00:03]} Nf6 {[%emt 0:00:01]} 2. c4 {[%emt 0:00:02]} e6 {[%emt 0:00:00]} 3. Nc3 {[%emt 0:00:01]} Bb4 {[%emt 0:00:00]} 4. Qc2 {[%emt 0:00:01]} O-O {[%emt 0:00:01]} 5. e3 {[%emt 0:00:02]} b6 {[%emt 0:00:02]} 6. Nf3 {[%emt 0:00:01]} Bb7 {[%emt 0:00:01]} 7. Bd3 {[%emt 0:00:01]} d6 {[%emt 0:00:01]} 8. O-O {[%emt 0:00:01]} Nbd7 {[%emt 0:00:01]} 9. e4 {[%emt 0:00:01]} c5 {[%emt 0:00:01]} 10. d5 {[%emt 0:00:02]} exd5 {[%emt 0:00:11]} 11. exd5 {[%emt 0:00:02]} Re8 {[%emt 0:00:02]} 12. Bg5 {[%emt 0:00:02]} h6 {[%emt 0:00:01]} 13. Bxf6 {[%emt 0:00:02]} Nxf6 {[%emt 0:00:00]} 14. Rfe1 {[%emt 0:00:03]} Qd7 {[%emt 0:00:04]} 15. Re3 {[%emt 0:00:03]} Rxe3 {[%emt 0:00:02]} 16. fxe3 {[%emt 0:00:02]} Re8 {[%emt 0:00:01]} 17. Re1 {[%emt 0:00:01]} Bxc3 {[%emt 0:00:01]} 18. bxc3 {[%emt 0:00:02]} Qe7 {[%emt 0:00:02]} 19. e4 {[%emt 0:00:01]} Nd7 {[%emt 0:00:01]} 20. Qb2 {[%emt 0:00:05]} Ne5 {[%emt 0:00:01]} 21. Bc2 {[%emt 0:00:03]} Nxf3+ {[%emt 0:00:02]} 22. gxf3 {[%emt 0:00:02]} Qe5 {[%emt 0:00:00]} 23. Qb3 {[%emt 0:00:02]} Qf4 {[%emt 0:00:03]} 24. Qa4 {[%emt 0:00:01]} Re5 {[%emt 0:00:03]} 25. Qd7 {[%emt 0:00:02]} Rg5+ {[%emt 0:00:02]} 26. Kh1 {[%emt 0:00:04]} Qxf3# {[%emt 0:00:01] Mate Mate Mate} 0-1

[Event "388 Stay Safe Play From Home series"]
[Site "Emanuel Lasker Arena"]
[Date "2020.08.17"]
[Round "2"]
[White "NTBT_DHS"]
[Black "Fat Kevin"]
[Result "1-0"]
[WhiteElo "2563"]
[BlackElo "1917"]
[Annotator "TA"]
[PlyCount "73"]
[EventDate "2020.08.17"]
[EventType "swiss (blitz)"]

{[%evp 9,72,25,29,-4,-4,-4,-1,-7,-6,-11,7,26,22,7,69,60,61,62,55,10,50,46,28,30,44,16,64,56,68,23,26,20,66,25,86,45,57,0,443,442,436,430,503,366,458,397,458,447,629,634,827,574,813,775,29992,29993,29996,29996,29996,29997,29997,29997,29997,29998,29999]} 1. e4 c5 2. Nf3 Nf6 3. Nc3 d5 4. exd5 Nxd5 5. Bb5+ Bd7 6. O-O {B29: Sicilian: 2 Nf3 Nf6 (Nimzowitsch Variation).} Bxb5 7. Nxb5 Nc6 8. d4 {The position is equal.} a6 9. Nc3 Nxc3 10. bxc3 e6 {[#]} 11. Be3 $146 ({Predecessor:} 11. Re1 Be7 12. Rb1 b5 13. c4 cxd4 14. cxb5 axb5 15. Rxb5 Rxa2 16. Bb2 Bb4 17. Qb1 Rxb2 18. Qxb2 Bxe1 19. Nxe1 {1-0 (32) Garcia Piedra,J-Alvarez Carbajales,F Asturias 1999}) 11... Qa5 ({Black should try} 11... cxd4 $11 12. cxd4 Qd5) 12. d5 exd5 13. Qxd5 {Strongly threatening Ng5.} Be7 14. Bg5 {And now Bxe7 would win.} (14. Rab1 $5 {[%cal Rb1b7]} Ra7 15. Ne5 $16 {[%mdl 64] Remove Defender, Decoy} (15. Rxb7 Rxb7 16. Qxc6+ {[%mdl 64] Double Attack} Rd7 $14)) 14... O-O (14... Rd8 {is interesting.} 15. Qb3 Qc7 16. Rab1 b5 17. a4 Rb8) 15. Bxe7 Nxe7 16. Qxb7 Ng6 17. c4 Qc3 18. Qb3 Qf6 19. Rad1 Rab8 20. Qe3 $36 {[%mdl 2048] White has good play.} Qc6 21. Rd5 Rfc8 (21... Qa4 $11 {keeps the balance.}) 22. Rfd1 h6 23. Ne5 (23. a3 $14) 23... Qf6 $2 {[%mdl 8192]} (23... Nxe5 $11 24. Rxe5 (24. Qxe5 Qa4 $11) 24... Rb2) 24. Nd7 $18 {[%mdl 64] [#] Double Attack} Qb2 25. Nxb8 Rxb8 26. Qg3 Re8 27. h4 Qxc2 28. h5 Ne7 (28... Nf8 $142 29. Rd8 Qe2) 29. Rd8 Rxd8 30. Rxd8+ {[%mdl 4096] Endgame KQR-KQN} Kh7 31. Qb8 {[%csl Gb8][%cal Rd8h8]} Qd1+ 32. Rxd1 {White mates.} g6 33. Rd7 gxh5 34. Rxe7 Kg6 {[#]} 35. Qd6+ $1 Kg5 36. Rxf7 {[%cal Rd6g3]} Kg4 37. Qf4# {Accuracy: White = 60%, Black = 45%.} 1-0

[Event "388 Stay Safe Play From Home series"]
[Site "Emanuel Lasker Arena"]
[Date "2020.08.17"]
[Round "2"]
[White "Mepe_Nika"]
[Black "AChessPlayer"]
[Result "1-0"]
[WhiteElo "2363"]
[BlackElo "2469"]
[Annotator "TA"]
[PlyCount "131"]
[EventDate "2020.08.17"]
[EventType "swiss (blitz)"]

{[%evp 9,130,-20,15,27,27,22,31,35,42,24,32,-8,22,12,29,0,46,9,30,0,0,0,0,0,23,0,0,-17,0,0,0,-19,14,-18,-24,-113,-108,-104,-109,-112,-116,-120,-114,-115,-112,-123,-130,-200,-199,-227,-61,-197,-179,-192,-147,-279,-278,-267,-262,-264,-250,-258,-153,-368,-180,-345,-256,-316,-255,-321,-285,-261,-165,-374,-383,-379,-356,-353,-333,-368,-169,-162,-141,-648,-622,-588,-540,-29987,-365,-394,-370,-347,-319,-319,-289,-300,1110,1135,2216,2204,29994,29995,29995,29995,29995,29991,29992,29993,29995,29995,29996,29996,29996,29997,29997,29997,29999,29999,29999,29998,29998,0,29999]} 1. d4 Nf6 2. Bf4 c6 3. e3 Qb6 4. Nd2 Qxb2 5. Ngf3 {[#]} Qc3 $146 ({Predecessor:} 5... Qb6 6. Nc4 Qd8 7. Bd3 g6 8. e4 d5 9. exd5 cxd5 10. Nce5 Bg7 11. h4 Nh5 {0-1 (48) Matzat,A (2030)-Burmakin,V (2522) Bad Woerishofen 2018}) 6. Bd3 {A45: Trompowsky Attack.} d5 7. O-O Nbd7 8. Rb1 {[%mdl 1024] White has compensation.White is slightly better.} Qa5 9. c4 e6 10. c5 Be7 11. Ne5 O-O 12. Qc2 Qd8 13. a4 g6 14. Nb3 Nxe5 15. Bxe5 Nd7 16. Bg3 Bf6 17. e4 dxe4 18. Bxe4 Bg7 19. Bd6 Re8 20. Rfd1 Nf6 21. Bf3 Nd5 22. Bxd5 (22. Be5 $11) 22... exd5 $17 23. Qd2 Bf5 24. Rb2 Qd7 25. Na5 {[#]} b6 $1 {[%mdl 512]} 26. Nb3 (26. cxb6 axb6) 26... Re6 $36 {[%mdl 2048] White is under strong pressure.} 27. h3 Rae8 28. a5 (28. Bf4 $17) 28... b5 $19 29. a6 Be4 $2 (29... Re4 $19 30. Bf4 Qe7) 30. Nc1 (30. f3 $1 $15) 30... h5 31. Rb3 h4 32. Nd3 (32. Re1 $17) 32... Bxd3 ({Not} 32... Bxd4 33. Nf4 $17) 33. Rxd3 Re4 34. Qg5 Qf5 35. Qxf5 {[#]} gxf5 (35... Re1+ $1 $19 36. Kh2 gxf5) 36. R3d2 $2 (36. Kf1 $17) 36... Kh7 (36... Re1+ $142 37. Kh2 Rxd1 38. Rxd1 Re2) 37. f3 $2 (37. Kf1) 37... R4e6 38. Kf2 Kg6 39. g4 hxg3+ 40. Kxg3 Bh6 41. Rd3 $2 {[#]} (41. Bf4) 41... f4+ $1 {[%mdl 512]} 42. Bxf4 Kf5 43. Bxh6 Rxh6 {[%mdl 4096] Endgame KRR-KRR} 44. Kf2 Rg8 (44... Rxh3 $142 {And now ...Rh2+ would win.} 45. Rg1 Rh2+ 46. Rg2 Rxg2+ 47. Kxg2 Re1) 45. Re3 Rxh3 {...Rh2+ is the strong threat.} 46. Ke2 $2 {[%mdl 8192]} (46. Re7 $17 f6 47. Ke3) 46... Rh2+ 47. Kd3 {If White can now play Re7 this consolidates a bit.} Rgg2 {( -> ...Rb2)} 48. Rde1 Kf6 $2 (48... Rd2+ 49. Kc3 Rb2 50. R3e2 Rbxe2 51. Rxe2 Rxe2 52. Kd3 Rf2 53. Kc3 Rxf3+ 54. Kd2 Ke4 55. Kc2 b4 56. Kb2 Rc3 57. Ka2 Kd3 58. Kb1 Rb3+ 59. Ka1 Kc2 60. Ka2 Ra3#) 49. Re5 Rb2 {[%cal Rb2b3]} 50. Ke3 Rb3+ 51. Kf4 {Black must now prevent Rf5+.} Rh4+ 52. Kg3 Rh3+ $4 {[%mdl 8192]} (52... Rxd4 $19 53. Re7 Rdd3) 53. Kxh3 $18 Rxf3+ 54. Kg4 Rf5 55. Rxf5+ Kg6 56. Ree5 f6 {[#]} 57. Rg5+ $3 Kf7 {[#]} (57... fxg5 58. Re7) 58. Ref5 $1 Ke7 59. Rg6 Ke6 60. Rgxf6+ Ke7 61. Rf7+ Ke8 62. Rh7 Kd8 63. Rg5 {[%cal Rg5g8]} Kc8 64. Rh8+ Kd7 65. Rh7+ $2 (65. Rg7+ {mates} Ke6 66. Rh6#) 65... Ke6 $2 {[%mdl 8192]} (65... Kc8 $11 66. Rg8#) 66. Rg6# {White used his chance. Accuracy: White = 41%, Black = 57%.} 1-0

[Event "388 Stay Safe Play From Home series"]
[Site "Emanuel Lasker Arena"]
[Date "2020.08.17"]
[Round "2"]
[White "Hickey"]
[Black "Lazieri3"]
[Result "1-0"]
[WhiteElo "2260"]
[BlackElo "2136"]
[PlyCount "107"]
[EventDate "2020.08.17"]
[EventType "swiss (blitz)"]

1. Nf3 {[%emt 0:00:02]} c6 {[%emt 0:00:00]} 2. g3 {[%emt 0:00:00]} d5 {[%emt 0:00:00]} 3. Bg2 {[%emt 0:00:00]} Bf5 {[%emt 0:00:01]} 4. O-O {[%emt 0:00:00]} Qc8 {[%emt 0:00:00]} 5. b3 {[%emt 0:00:01]} Bh3 {[%emt 0:00:00]} 6. Bb2 {[%emt 0:00:00]} h5 {[%emt 0:00:01]} 7. d3 {[%emt 0:00:01]} h4 {[%emt 0:00:01]} 8. e3 {[%emt 0:00:01]} hxg3 {[%emt 0:00:01]} 9. fxg3 {[%emt 0:00:00]} Bxg2 {[%emt 0:00:00]} 10. Kxg2 {[%emt 0:00:00]} Qh3+ {[%emt 0:00:01]} 11. Kg1 {[%emt 0:00:01]} Nf6 {[%emt 0:00:00]} 12. Qe2 {[%emt 0:00:00]} Ng4 {[%emt 0:00:01]} 13. Nbd2 {[%emt 0:00:02]} e6 {[%emt 0:00:02]} 14. Rae1 {[%emt 0:00:00]} Bd6 {[%emt 0:00:02]} 15. Qg2 {[%emt 0:00:00]} Qh5 {[%emt 0:00:03]} 16. Bxg7 {[%emt 0:00:02]} Rh7 {[%emt 0:00:01]} 17. Bb2 {[%emt 0:00:00]} Nd7 {[%emt 0:00:03]} 18. e4 {[%emt 0:00:00]} O-O-O {[%emt 0:00:01]} 19. d4 {[%emt 0:00:02]} dxe4 {[%emt 0:00:04]} 20. Nxe4 {[%emt 0:00:00]} Be7 {[%emt 0:00:01]} 21. Nf2 {[%emt 0:00:02]} Nxf2 {[%emt 0:00:02]} 22. Rxf2 {[%emt 0:00:00]} Nf6 {[%emt 0:00:02]} 23. Rfe2 {[%emt 0:00:04]} Ng4 {[%emt 0:00:01]} 24. c4 {[%emt 0:00:02]} Bf6 {[%emt 0:00:02]} 25. Bc3 {[%emt 0:00:01]} Kb8 {[%emt 0:00:02]} 26. Re4 {[%emt 0:00:01]} Bg7 {[%emt 0:00:03]} 27. R1e2 {[%emt 0:00:01]} f5 {[%emt 0:00:01]} 28. Rxe6 {[%emt 0:00:01]} f4 {[%emt 0:00:03]} 29. Bd2 {[%emt 0:00:02]} fxg3 {[%emt 0:00:02]} 30. Bf4+ {[%emt 0:00:00]} Ka8 {[%emt 0:00:02]} 31. Bxg3 {[%emt 0:00:00]} a6 {[%emt 0:00:07]} 32. Re1 {[%emt 0:00:10]} Bxd4+ {[%emt 0:00:02]} 33. Nxd4 {[%emt 0:00:01]} Rxd4 {[%emt 0:00:00]} 34. Re8+ {[%emt 0:00:01]} Ka7 {[%emt 0:00:01]} 35. c5 {[%emt 0:00:02]} Qxc5 {[%emt 0:00:01]} 36. Bf2 {[%emt 0:00:02]} Nxf2 {[%emt 0:00:01]} 37. Qxf2 {[%emt 0:00:00]} Rd5 {[%emt 0:00:01]} 38. Qxc5+ {[%emt 0:00:02]} Rxc5 {[%emt 0:00:00]} 39. R8e7 {[%emt 0:00:01]} Rg5+ {[%emt 0:00:01]} 40. Kh1 {[%emt 0:00:01]} Rxe7 {[%emt 0:00:00]} 41. Rxe7 {[%emt 0:00:00]} Rd5 {[%emt 0:00:00]} 42. Re2 {[%emt 0:00:00]} Rd1+ {[%emt 0:00:00]} 43. Kg2 {[%emt 0:00:00]} Rd4 {[%emt 0:00:00]} 44. h3 {[%emt 0:00:01]} a5 {[%emt 0:00:00]} 45. Kg3 {[%emt 0:00:00]} a4 {[%emt 0:00:00]} 46. h4 {[%emt 0:00:00]} axb3 {[%emt 0:00:01]} 47. axb3 {[%emt 0:00:00]} Rd3+ {[%emt 0:00:00]} 48. Kg4 {[%emt 0:00:01]} Rxb3 {[%emt 0:00:00]} 49. h5 {[%emt 0:00:00]} Rb1 {[%emt 0:00:00]} 50. Kg5 {[%emt 0:00:00]} Rg1+ {[%emt 0:00:00]} 51. Kh6 {[%emt 0:00:00]} Rh1 {[%emt 0:00:00]} 52. Kg6 {[%emt 0:00:01]} c5 {[%emt 0:00:00]} 53. h6 {[%emt 0:00:00]} c4 {[%emt 0:00:00]} 54. Kh7 {[%emt 0:00:00] Time Time Time} 1-0